Responses for Show #4095 - Friday, May 24, 2002

Contestants

[<< previous game]

Ron Ostrow, an actor from Los Angeles, California

Daniel Mendelsohn, a lawyer from Santa Monica, California

Patrick Kerr, a freelance writer originally from Fort Scott, Kansas (whose 1-day cash winnings total $31,400)

[next game >>]

Jeopardy! Round responses

ASTRONOMERS
THE THREE STOOGES
OLD ROMAN TIMES
NEW CARS
PHOBIAS
IT COMES BEFORE...
    $200 5
Copernicus

Ron
    $200 7
Moe

Ron
    $200 26
Mark Antony

Daniel
    $200 1
Woodies

Ron
    $200 11
blood

Ron
    $200 17
foot

Patrick
    $400 15
stars

Triple Stumper
    $400 8
(Patrick: Who is Larry?)
...
(Alex: Who is [*], yes. Soitenly!)
[laughter]

Curly

PatrickRon
    $400 27
(Ron: What is the liver?)
(Alex: Be more specific.)
(Ron: Uh, what is the goose liver, pâté de [*]?)
(Alex: That's it. We wanted
"[*]" -- "[**]")

foie gras (fat liver)

Ron
    $400 2
Matrix

Ron
    $400 13
arachnophobia

Ron
    $400 18
brain

Patrick
    $600 16
Neptune

Daniel
    $600 9
Men In Black

Daniel
    $600 28
Gaul

Daniel
    $600 3
Thunderbird

Patrick
    $600 14
hydrophobia

Patrick
    $600 19
bean

Patrick
    $800 24
distance from the earth to the sun

Triple Stumper
    $800 10
It's a Mad, Mad, Mad, Mad World

Daniel
    $800 29
Satyricon

Triple Stumper
    $800 4
(Patrick: What is the Dodge Caravan?)

Jeep

Patrick
    $800 22
(Patrick: What is swimming?)
...
(Alex: I misspoke. I said
"chlorophobia," I believe.
And it's "chorophobia" --
a fear of [*].)
(Alex: [After clue 30] We have good news for Patrick,
because I misled you a little while ago in my misreading
of that clue, saying "chloro"
instead of "choro." We do not want to penalize you
the 800 bucks, so we'll give it to you now.)

dancing

Triple Stumper
    $800 20
pot

Ron
    $1000 25
radio astronomer

Triple Stumper
    $1000 12
(Alex: [*], my favorite, yes.)

Shemp

Daniel
    $1000 30
globe

Daniel
    $1000 6
Humvee (Hummer)

Triple Stumper
    $1000 23
bulls

Ron
    $1000 21
(Ron: ...Coat? What is coat?)

ranch

DanielRon

Scores at the first commercial break (after clue 15):

Patrick Daniel Ron
$0 $2,400 $2,000

Scores at the end of the Jeopardy! Round:

Patrick Daniel Ron
$1,200 $5,800 $3,200

Double Jeopardy! Round responses

BODIES OF WATER
OLD SCHOOL RAP
CELEBRITY POLITICIANS
GRIMM FAIRY TALES
THE "RAT" PACK
FRANK, DEAN OR SAMMY
    $400 1
Superior

Daniel
    $400 2
MC

Patrick
    $400 8
Sonny Bono

Daniel
    $400 20
straw

Ron
    $400 13
rattlesnake

Patrick
    $400 15
Sammy Sosa

Daniel
    $800 3
Dead Sea

Daniel
    $800 4
Turntables

Daniel
    $800 9
football

Daniel
    $800 21
Rapunzel

Patrick
    $800 14
ratchet

Daniel
    $800 16
Frank Oz

Daniel
    $1200 22
Zambezi

Triple Stumper
    $1200 5
Grandmaster Flash

Daniel
    $1200 10
Jerry Springer

Daniel
    $1200 30
(Patrick: Who is Little Red Riding Hood?)

Snow White

Patrick
Triple Stumper
    $1200 25
ratatouille

Patrick
    $1200 17
Frank Capra

Daniel
    $800 23
Lake Baikal

Patrick
    $1600 6
Public Enemy

Daniel
    $1,000 11
Jesse Ventura

Daniel
    $1600 29
hedgehog

Daniel
    $1600 26
ratification

Ron
    $1600 18
(Patrick: Who is Frank McNamara?)
(Ron: Who is Dean Acheson?)

Dean Rusk

PatrickDanielRon
    $2000 24
(Daniel: What is the Bay of Biscay?)

Biscayne

PatrickDaniel
    $2000 7
Fresh

Daniel
    $2000 12
The Munsters

Daniel
    $2000 28
(Ron: What is "Brahman?" What is "Braymen"?)
(Alex: Our judges are giving you a "yes.")

Bremen

Ron
    $2000 27
Terence Rattigan

Ron
    $2000 19
[applause]
(Alex: Don't stop him.)

Sammy Cahn

Daniel

Scores at the end of the Double Jeopardy! Round:

Patrick Daniel Ron
$4,000 $24,400 $7,600
(lock game)

[wagering suggestions for these scores]

Final Jeopardy! Round responses

HIGH PLACES
PatrickWhat is Colorado
$3,700
RonWhat is Colorado
$401
DanielWhat is Colorado?
$0
Colorado

Final scores:

Patrick Daniel Ron
$7,700 $24,400 $8,001
3rd place: $1,000 New champion: $24,400 2nd place: $2,000

Game dynamics:

Coryat scores:

Patrick Daniel Ron
$5,600 $25,000 $7,600
11 R
(including 1 DD),
4 W
(including 1 DD)
26 R
(including 1 DD),
1 W
14 R,
2 W

Combined Coryat: $38,200

[game clues] [game scores] [suggest correction]

Game tape date: 2002-01-30
The J! Archive is created by fans, for fans. Scraping, republication, monetization, and malicious use prohibited; this site may use cookies and collect identifying information. See terms. The Jeopardy! game show and all elements thereof, including but not limited to copyright and trademark thereto, are the property of Jeopardy Productions, Inc. and are protected under law. This website is not affiliated with, sponsored by, or operated by Jeopardy Productions, Inc. Join the discussion at JBoard.tv.